Loading...
| Science - Astronomy | 0 | 3 | 0 | 1 | 30 | 52 | 95.00 | 0 | 1 |
| Science - Chemistry | 0 | 3 | 0 | 2 | 30 | 121 | 125.00 | 0 | 0 |
| Science - Biology | 0 | 3 | 2 | 1 | 20 | 107 | 123.67 | 0 | 0 |
| History - Other | 0 | 2 | 1 | 2 | 15 | 123 | 130.00 | 0 | 0 |
| Social Science - Sociology | 0 | 1 | 0 | 0 | 10 | 123 | 123.00 | 0 | 1 |
| Art - Painting/Sculpture | 0 | 1 | 0 | 0 | 10 | 110 | 110.00 | 0 | 0 |
| Geography - Oceania/Pacific | 0 | 1 | 0 | 0 | 10 | 96 | 96.00 | 0 | 1 |
| Science - Engineering | 0 | 1 | 0 | 0 | 10 | 58 | 58.00 | 0 | 1 |
| Science - Physics | 0 | 2 | 2 | 2 | 10 | 124 | 127.50 | 0 | 0 |
| Art - Music/Opera | 0 | 1 | 0 | 0 | 10 | 113 | 113.00 | 0 | 0 |
| History - World | 0 | 1 | 1 | 1 | 5 | 133 | 133.00 | 0 | 0 |
| Current Events/Modern World - United States social | 0 | 0 | 1 | 0 | -5 | 0.00 | 0 | 0 | |
| Science - Other/CL/Misc | 0 | 0 | 1 | 0 | -5 | 0.00 | 0 | 0 | |
| Science - Other | 0 | 0 | 1 | 0 | -5 | 0.00 | 0 | 0 | |
| Religion - Hinduism | 0 | 0 | 1 | 0 | -5 | 0.00 | 0 | 0 | |
| Mythology - Norse | 0 | 0 | 1 | 0 | -5 | 0.00 | 0 | 0 |